<?xml version="1.0" encoding="UTF-8"?><?xml-stylesheet type="text/xsl" href="static/style.xsl"?><OAI-PMH xmlns="http://www.openarchives.org/OAI/2.0/" xmlns:xsi="http://www.w3.org/2001/XMLSchema-instance" xsi:schemaLocation="http://www.openarchives.org/OAI/2.0/ http://www.openarchives.org/OAI/2.0/OAI-PMH.xsd"><responseDate>2026-04-14T16:01:20Z</responseDate><request verb="GetRecord" identifier="oai:uvadoc.uva.es:10324/31442" metadataPrefix="marc">https://uvadoc.uva.es/oai/request</request><GetRecord><record><header><identifier>oai:uvadoc.uva.es:10324/31442</identifier><datestamp>2021-06-29T22:06:07Z</datestamp><setSpec>com_10324_38</setSpec><setSpec>col_10324_852</setSpec></header><metadata><record xmlns="http://www.loc.gov/MARC21/slim" xmlns:doc="http://www.lyncode.com/xoai" xmlns:xsi="http://www.w3.org/2001/XMLSchema-instance" xmlns:dcterms="http://purl.org/dc/terms/" xsi:schemaLocation="http://www.loc.gov/MARC21/slim http://www.loc.gov/standards/marcxml/schema/MARC21slim.xsd">
<leader>00925njm 22002777a 4500</leader>
<datafield tag="042" ind1=" " ind2=" ">
<subfield code="a">dc</subfield>
</datafield>
<datafield tag="720" ind1=" " ind2=" ">
<subfield code="a">Bernabé Sanz, Laura Inés</subfield>
<subfield code="e">author</subfield>
</datafield>
<datafield tag="260" ind1=" " ind2=" ">
<subfield code="c">2018</subfield>
</datafield>
<datafield tag="520" ind1=" " ind2=" ">
<subfield code="a">El presente Trabajo de Fin de Grado tiene por objetivo el estudio de la carga de la prueba en el proceso civil, a través, especialmente, del análisis del artículo 217 LEC. Es importante destacar la especial trascendencia que tiene la prueba en este tipo de procedimiento, pues es la actividad procesal que permite a las partes la fijación del material fáctico y con ello, obtener el resultado procesal pretendido. Por esto, la carga de la prueba es un aspecto esencial para la consecución de dicho fin. Con este trabajo se pretende dar respuesta a las siguientes cuestiones: qué tiene que ser probado, quién tiene que probarlo y cuáles son las consecuencias de la falta de prueba.</subfield>
</datafield>
<datafield tag="024" ind2=" " ind1="8">
<subfield code="a">http://uvadoc.uva.es/handle/10324/31442</subfield>
</datafield>
<datafield tag="245" ind1="0" ind2="0">
<subfield code="a">La carga de la prueba en el proceso civil</subfield>
</datafield>
</record></metadata></record></GetRecord></OAI-PMH>